000 00383nam a22001457a 4500
005 20170815120054.0
008 170815b xxu||||| |||| 00| 0 eng d
040 _cPK-LaUMT
082 _aZIAC 297
_bALI-R
100 _aAli , Muhammad
245 _aThe Religion of Islam/
_c Muhammad Ali
260 _aLahore:
_bThe Ahmadiyya anjuman ishaat ,
_c1971
300 _a677 p.
942 _cBK
999 _c97064
_d97064